=LDR 00000nam 2200000 4500 =001 INLIS000000000025002 =005 20130612123538 =008 ***********************************Ind** =035 ##$$0010-061300000025002 =041 ##$$a Ind =082 ##$$a 181.4 =090 ##$$a 181.4, Kin a =100 ##$$a King, Richard =245 ##$$a Agama orientalisme dan poskolonialisme, Richard King =260 ##$$a 2001 $b Yogyakarta =300 ##$$a xi, 487 hlm, 25 cm =650 ##$$a Agama - Orientalisme =850 ##$$a NBPNMAT